Uitslag tweede kamer verkiezingen 2025 - Statistieken

Algemene statistieken
  • Deze quiz is 8 keer genomen
  • De gemiddelde score is 9 van 15
Antwoordstatistieken
Hint Antwoord % Correct
CDA CDA 18
71%
D66 D66 26
71%
JA21 JA21 9
71%
PVV PVV 26
71%
VVD VVD 22
71%
BBB BBB 4
57%
DENK DENK 3
57%
FVD FVD 7
57%
GL/PVDA GLPVDA 20
57%
SGP SGP 3
57%
SP SP 3
57%
50PLUS 50PLUS 2
43%
CU CU 3
43%
Volt Volt 1
43%
PvdD PvdD 3
29%
Geen overeenkomende quizzen gevonden
Scoreverdeling
Procent van Mensen met Elke Score
Percentiel versus Aantal Correcte Antwoorden
Uw Scoregeschiedenis
U heeft deze quiz nog niet genomen